| Tag |
First Indicator |
Second Indicator |
Subfields |
| LEADER |
00000cam a2200000 a 4500 |
| 001 |
in00000015513 |
| 005 |
20151007052531.0 |
| 007 |
he amb||||||| |
| 008 |
880517r19821979miua bb 00010 eng d |
| 035 |
|
|
|a (OCoLC)17961225
|
| 035 |
|
|
|9 AAA8183AM
|
| 040 |
|
|
|a TXA
|c TXA
|d UtOrBLW
|
| 043 |
|
|
|a a-my---
|
| 049 |
|
|
|a TXAI
|
| 099 |
|
|
|a fiche
|a C
|a 8617
|
| 100 |
1 |
|
|a Laderman, Carol.
|
| 245 |
1 |
0 |
|a Conceptions and preconceptions :
|b childbirth and nutrition in rural Malaysia /
|c by Carol C. Laderman.
|
| 264 |
|
1 |
|a [Place of publication not identified] :
|b [publisher not identified] ;
|c 1979.
|
| 300 |
|
|
|a viii, 442 leaves :
|b illustrations
|
| 336 |
|
|
|a text
|b txt
|2 rdacontent
|
| 337 |
|
|
|a microform
|b h
|2 rdamedia
|
| 338 |
|
|
|a microfiche
|b he
|2 rdacarrier
|
| 502 |
|
|
|b Ph. D.
|c Columbia University
|d 1979.
|
| 504 |
|
|
|a Bibliography: leaves 430-442.
|
| 533 |
|
|
|a Microfiche.
|b Ann Arbor, Mich. :
|c University Microfilms International,
|d 1982.
|e 5 microfiches ; 11 x 15 cm.
|
| 500 |
|
|
|a Microform.
|
| 650 |
|
0 |
|a Medicine
|z Malaysia
|z Terengganu.
|
| 650 |
|
0 |
|a Birth customs
|z Malaysia
|z Terengganu.
|
| 650 |
|
0 |
|a Food habits
|z Malaysia
|z Terengganu.
|
| 650 |
|
0 |
|a Puerperium
|x Nutritional aspects.
|
| 651 |
|
0 |
|a Kampong Merchang (Terengganu, Malaysia)
|x Social life and customs.
|
| 999 |
|
|
|a MARS
|
| 999 |
f |
f |
|s 26758038-07bc-3a98-9487-04f82c04a677
|i 021ee79b-776c-3e32-a5cf-adb233e3ad70
|t 0
|
| 952 |
f |
f |
|p normal
|a Texas A&M University
|b College Station
|c Sterling C. Evans Library
|d Evans: Microforms (3rd floor)
|t 0
|e fiche C 8617
|h Other scheme
|i microform -- microfiche
|m A14822826584
|
| 998 |
f |
f |
|a fiche C 8617
|t 0
|l Evans: Microforms (3rd floor)
|